| 000 | 00716nam a2200229 i 4500 | ||
|---|---|---|---|
| 003 | IT-RoINE | ||
| 005 | 20140114172330.0 | ||
| 008 | 021202s1988 sp |r 00||0 spa d | ||
| 020 | _a8440433719 | ||
| 040 |
_aUNAV _dUPSA _dIT-RoINE _cIT-RoINE |
||
| 100 | 1 |
_aAlarcón Alarcón, Francisco _92943 |
|
| 245 | 1 | 3 |
_aEl matrimonio celebrado sin fe / _cFrancisco Alarcón Alarcón. |
| 260 |
_aAlmería : _bObispado, _c1988. |
||
| 300 |
_a305 p. ; _c24 cm. |
||
| 336 |
_2rdacontent _atext |
||
| 337 |
_2rdamedia _aunmediated |
||
| 338 |
_2rdacarrier _avolume |
||
| 504 | _a"Fuentes y bibliografía": p. [283]-302. | ||
| 650 | 0 | 4 |
_aFe _91759 |
| 650 | 0 | 4 |
_aMatrimonio _xAspecto religioso _xIglesia Católica _92841 |
| 942 | _cMTS | ||
| 999 |
_c1523 _d1523 |
||